[Event "World Blitz Women 2019"]
[Site "Moscow RUS"]
[Date "2019.12.30"]
[Round "17.2"]
[White "Tan Zhongyi"]
[Black "Muzychuk, A."]
[Result "1-0"]
[WhiteElo "2502"]
[BlackElo "2537"]
[PlyCount "107"]
[EventDate "2019.12.29"]
[EventType "swiss (blitz)"]
[EventRounds "17"]
[EventCountry "RUS"]
[SourceTitle "The Week in Chess 1312"]
[Source "Mark Crowther"]
[SourceDate "2019.12.30"]
[SourceVersion "1"]
[SourceVersionDate "2019.12.30"]
[SourceQuality "2"]

1. d4 Nf6 2. Bg5 d5 3. Nd2 c5 4. dxc5 e6 5. e4 Bxc5 6. e5 h6 7. Bh4 g5 8. Bg3
Nfd7 9. Bd3 Bd4 10. Ngf3 Bxb2 11. Rb1 Bc3 12. Rb3 Qc7 13. O-O g4 14. Nh4 h5 15.
Nc4 dxc4 16. Rxc3 b5 17. Nf5 exf5 18. e6 f4 19. Be4 fxg3 20. exd7+ Nxd7 21.
Bxa8 gxh2+ 22. Kh1 O-O 23. Qd5 Qe5 24. Re3 Qxd5 25. Bxd5 Nf6 26. Bc6 a6 27. Rd1
Bf5 28. Rd6 Kg7 29. c3 Bd3 30. Kxh2 Rb8 31. Bd5 Nxd5 32. Rxd5 a5 33. Rxh5 b4
34. cxb4 axb4 35. Rg5+ Kf6 36. Rxg4 Ra8 37. Rf4+ Kg7 38. Rg3+ Kf8 39. Rgf3 Rxa2
40. Rxf7+ Ke8 41. Rb7 Re2 42. Rh3 Kd8 43. Rh8+ Re8 44. Rb8+ Kc7 45. Rhxe8 b3
46. Rec8+ Kd6 47. g4 Kd5 48. Kg3 Kd4 49. g5 Kc3 50. Rc7 Be4 51. f3 Bc2 52. Rcb7
Kd2 53. Kf4 c3 54. Rxb3 1-0

[Event "Speed Chess Super Swiss"]
[Site "chess.com INT"]
[Date "2020.10.03"]
[Round "12"]
[White "Terry, R."]
[Black "Khamrakulov, D."]
[Result "1-0"]
[WhiteElo "2504"]
[BlackElo "2514"]
[PlyCount "81"]
[EventDate "2020.10.03"]
[EventType "swiss (blitz)"]
[EventRounds "15"]
[SourceTitle "The Week in Chess 1352"]
[Source "Mark Crowther"]
[SourceDate "2020.10.05"]
[SourceVersion "1"]
[SourceVersionDate "2020.10.05"]
[SourceQuality "2"]

1. d4 Nf6 2. Bg5 Ne4 3. Bf4 d5 4. Nd2 Nf6 5. e3 g6 6. Ngf3 Bg7 7. h3 O-O 8. c3
Nbd7 9. Be2 c5 10. O-O Re8 11. Bh2 b6 12. a4 a6 13. Qb3 c4 14. Qa3 Bf8 15. Qa2
e6 16. b3 cxb3 17. Qxb3 Bb7 18. c4 dxc4 19. Nxc4 Bd5 20. Qb2 Rc8 21. Nd6 Bxd6
22. Bxd6 Ne4 23. Bf4 Bc4 24. Rfc1 b5 25. Bxc4 bxc4 26. Qb7 Ndf6 27. Qxa6 c3 28.
Be5 Nd5 29. Qd3 f5 30. Ne1 Qh4 31. Qe2 Nd2 32. Rc2 Nc4 33. Bg3 Qe4 34. Nd3 e5
35. Nc5 Rxc5 36. dxc5 Rb8 37. Kh1 Rb2 38. Rac1 Na3 39. Rxb2 cxb2 40. Qxb2 Nc4
41. Qc2 1-0

[Event "Speed Chess Super Swiss"]
[Site "chess.com INT"]
[Date "2021.10.16"]
[Round "5"]
[White "Terry, R."]
[Black "Yakubboev, Nodirbek"]
[Result "1-0"]
[WhiteElo "2504"]
[BlackElo "2621"]
[PlyCount "201"]
[EventDate "2021.10.16"]
[SourceVersionDate "2018.05.14"]

1. d4 Nf6 2. Bg5 c5 3. Bxf6 exf6 4. d5 f5 5. c4 d6 6. Nc3 g6 7. e3 Bg7 8. Nge2
Nd7 9. g3 h5 10. h4 Ne5 11. Nf4 O-O 12. Be2 Bd7 13. O-O a6 14. a4 b6 15. Rb1
Rb8 16. Qc2 Qc7 17. Rfd1 Ng4 18. b3 Rfe8 19. Qd2 Nf6 20. Rdc1 a5 21. Kh2 Ne4
22. Nxe4 fxe4 23. Rg1 Be5 24. Kg2 Qd8 25. Rh1 Qf6 26. Kf1 Kf8 27. Rc1 Ke7 28.
Ke1 Rh8 29. Kd1 Rh6 30. Kc2 Kd8 31. Rh2 Kc7 32. Rch1 Rbh8 33. Qe1 Kb7 34. Qd2
Ka7 35. Qe1 Qg7 36. Kb1 f6 37. Qd1 Qf7 38. Ka2 Bc8 39. Kb1 Bd7 40. Ka2 g5 41.
Ng2 Be8 42. Qc2 Qh7 43. Rc1 Bg6 44. Rch1 g4 45. Rg1 f5 46. Qd2 Qd7 47. Rhh1 Bf7
48. Bd1 Bg6 49. Nf4 Bf7 50. Ne2 Bg6 51. Bc2 Be8 52. Nc3 Qe7 53. Rc1 Bf6 54. Bb1
Qe5 55. Qb2 R6h7 56. Nd1 Qe7 57. Qd2 Bd7 58. Nc3 Kb8 59. Rc2 Kc7 60. Rcc1 Kd8
61. Bc2 Ke8 62. Bd1 Kf7 63. Ne2 Kg7 64. Nf4 Kh6 65. Be2 Ra8 66. Rhd1 Rhh8 67.
Ne6 Rhb8 68. Qe1 Bxe6 69. dxe6 Qxe6 70. Rd5 Be5 71. Qd2 b5 72. cxb5 Rb6 73. Bc4
Qe7 74. Rd1 Kg6 75. Qc2 Kf6 76. R5d2 Kg6 77. Bd5 Rab8 78. Qc4 Rc8 79. Rc2 Rc7
80. Rdd2 Ra7 81. Rc1 Kf6 82. Rcd1 Kg7 83. Bc6 Kf6 84. Rd5 Kg7 85. Qc2 Kf6 86.
Qd2 Rc7 87. Rxd6+ Bxd6 88. Qxd6+ Qxd6 89. Rxd6+ Ke5 90. Rd5+ Ke6 91. Rxc5 Kd6
92. Rxf5 Rbxc6 93. bxc6 Rxc6 94. Rf6+ Kc5 95. Rxc6+ Kxc6 96. Kb2 Kc5 97. Kc3
Kd5 98. b4 axb4+ 99. Kxb4 Kc6 100. Kc4 Kb6 101. Kd4 1-0

[Event "Speed Chess GP3 2021"]
[Site "chess.com INT"]
[Date "2021.10.02"]
[Round "3"]
[White "Terry, R."]
[Black "Vokhidov, Shamsiddin"]
[Result "1-0"]
[WhiteElo "2504"]
[BlackElo "2521"]
[PlyCount "47"]
[EventDate "2021.10.02"]
[SourceVersionDate "2018.05.14"]

1. d4 Nf6 2. Bg5 d5 3. Bxf6 gxf6 4. e3 c5 5. c3 Nc6 6. Nf3 Qb6 7. Qb3 c4 8. Qc2
Bf5 9. Qxf5 Qxb2 10. Qxd5 e6 11. Qxc4 Qxa1 12. Qb3 a5 13. Bd3 Nb4 14. cxb4 axb4
15. Bc4 Ra3 16. Qd1 Ra5 17. O-O Qb2 18. Nbd2 f5 19. Bb3 Ra8 20. Nc4 Qc3 21. Qb1
b5 22. Rc1 bxc4 23. Rxc3 bxc3 24. Ba4+ 1-0

[Event "Iberoamericano Chess24"]
[Site "chess24.com INT"]
[Date "2020.06.16"]
[Round "2.4"]
[White "Terry, R."]
[Black "Bacallao Alonso, Y."]
[Result "1-0"]
[WhiteElo "2504"]
[BlackElo "2590"]
[PlyCount "65"]
[EventDate "2020.06.01"]
[EventType "k.o. (blitz)"]
[EventRounds "6"]
[SourceTitle "The Week in Chess 1337"]
[Source "Mark Crowther"]
[SourceDate "2020.06.22"]
[SourceVersion "1"]
[SourceVersionDate "2020.06.26"]
[SourceQuality "2"]

1. d4 Nf6 2. Bg5 e6 3. e4 h6 4. Bxf6 Qxf6 5. c3 d5 6. e5 Qd8 7. f4 c5 8. Nf3
Nc6 9. a3 Qb6 10. b4 cxd4 11. cxd4 a5 12. b5 Ne7 13. Bd3 Nf5 14. Bxf5 exf5 15.
Nc3 Be6 16. Qb3 a4 17. Nxa4 Qa5+ 18. Nc3 Rc8 19. Kd2 Be7 20. Rhc1 O-O 21. Qa4
Qb6 22. Ne2 Ra8 23. Qb3 Qa5+ 24. Ke3 Rfc8 25. Rxc8+ Rxc8 26. a4 g5 27. g3 f6
28. exf6 Bxf6 29. Kf2 Rc4 30. Qe3 Qb6 31. a5 Qd6 32. a6 bxa6 33. Rxa6 1-0

[Event "Titled Tuesday 7th Sept"]
[Site "chess.com INT"]
[Date "2021.09.07"]
[Round "11"]
[White "Terry, R."]
[Black "Maghsoodloo, Parham"]
[Result "1-0"]
[WhiteElo "2504"]
[BlackElo "2695"]
[PlyCount "29"]
[EventDate "2021.09.07"]
[SourceVersionDate "2018.05.14"]

1. d4 Nf6 2. Bg5 d5 3. Bxf6 gxf6 4. e3 e6 5. c4 dxc4 6. Bxc4 a6 7. Nc3 b5 8.
Be2 Bb7 9. Bf3 Qc8 10. Rc1 Nd7 11. Nh3 f5 12. Nf4 Bd6 13. Nh5 O-O 14. g4 fxg4
15. Bxb7 1-0

[Event "Speed Chess GP2 2021"]
[Site "chess.com INT"]
[Date "2021.09.25"]
[Round "7"]
[White "Terry, R."]
[Black "Vitiugov, N."]
[Result "1-0"]
[WhiteElo "2504"]
[BlackElo "2727"]
[PlyCount "93"]
[EventDate "2021.09.25"]
[SourceVersionDate "2018.05.14"]

1. d4 Nf6 2. Bg5 c5 3. Bxf6 gxf6 4. d5 Qb6 5. Qc1 f5 6. c4 Bg7 7. Nc3 d6 8. e3
Nd7 9. Nh3 Nf6 10. f3 e6 11. Nf4 Bd7 12. Qc2 O-O-O 13. O-O-O e5 14. Nfe2 e4 15.
Nf4 Rde8 16. Qd2 exf3 17. gxf3 Bh6 18. Kb1 Re5 19. Ng2 Rhe8 20. Re1 f4 21. e4
Qd8 22. Bd3 Bh3 23. Re2 a6 24. Ne1 Rg8 25. Bc2 Nd7 26. Ba4 Nb6 27. Bb3 Ree8 28.
Nd3 Qf6 29. e5 dxe5 30. Nxc5 Kb8 31. N5e4 Qg6 32. c5 Nd7 33. c6 bxc6 34. dxc6
Qxc6 35. Bxf7 Nb6 36. Qd6+ Qxd6 37. Nxd6 Rd8 38. Bxg8 Rxg8 39. Rxe5 Bg2 40. Rg1
Rg6 41. Nf5 Nc4 42. Re8+ Kc7 43. Kc1 Ne3 44. Nxh6 Rxh6 45. Rxe3 fxe3 46. Rxg2
Kc6 47. Kd1 1-0

[Event "Breda m playoff"]
[Site "Breda"]
[Date "1998.05.19"]
[Round "2"]
[White "Timman, Jan H"]
[Black "Van Wely, Loek"]
[Result "1-0"]
[WhiteElo "2635"]
[BlackElo "2605"]
[Annotator "Stohl,I"]
[PlyCount "125"]
[EventDate "1998.05.19"]
[EventType "match (rapid)"]
[EventRounds "4"]
[EventCountry "NED"]
[SourceTitle "CBM 065"]
[Source "ChessBase"]
[SourceDate "1998.08.06"]
[SourceVersion "1"]
[SourceVersionDate "1998.08.06"]
[SourceQuality "1"]

1. d4 Nf6 2. Bg5 Ne4 3. Bf4 d5 {Possibly the safest line for Black to avoid
complications.} 4. e3 ({A drawish reputation has} 4. Nd2 Bf5 5. e3 e6 6. Bd3
Nxd2 7. Qxd2 Bxd3 8. Qxd3 c5 9. Bxb8 Rxb8 10. Nf3 Bd6 11. dxc5 Qa5+ 12. c3 Qxc5
13. Rd1 {1/2,Salov,V-Polgar,J/Wijk aan Zee/1998/}) ({White's sharpest try is} 
4. f3 Nf6 5. Nc3 (5. e4 dxe4 6. Nc3 e3 $5 7. Qd3 e6 8. Qxe3 Be7 9. O-O-O O-O
10. Kb1 Nc6 11. g4 Nb4 12. Bg3 b6 13. a3 Nbd5 14. Nxd5 Nxd5 15. Qe1 Bb7 16. Bd3
c5 17. c4 Nf6 18. dxc5 Qe8 $5 $44 {Benjamin,J-Yermolinsky,A/USA-ch Modesto/
1995/}) 5... e6 6. e4 Bb4 7. e5 Nfd7 8. a3 Bxc3+ 9. bxc3 c5 10. Rb1 Nc6 11. Bb5
a6 12. Bxc6 bxc6 13. Ne2 a5 14. dxc5 Qe7 15. Qd4 Qxc5 16. Qxc5 Nxc5 17. Nd4 Kd7
18. Kd2 Na4 19. Be3 Ba6 20. Nb3 Rhb8 21. Nc5+ Nxc5 22. Bxc5 Rb5 23. Bd6 Ra7 24.
a4 Rxb1 25. Rxb1 Rb7 $11 {Rohde,M-Smejkal,J/New York op/1988/}) 4... c5 5. Bd3
cxd4 (5... Qb6 $5 6. Bxe4 dxe4 7. Nc3 cxd4 $1 ({Very risky is} 7... Qxb2 $143
$6 8. Nge2 cxd4 9. Rb1 Qa3 10. Qxd4 Nc6 11. Qxe4 f5 12. Qd5 e6 13. Qd2 e5 14.
Nb5 Qe7 15. Bg5 $1 Qf7 16. Nec3 Be6 17. Nd6+ Bxd6 18. Qxd6 h6 19. Nb5 Qd7 20.
Qa3 b6 21. Rd1 Nd4 22. Nd6+ Kf8 23. exd4 hxg5 24. d5 Bf7 25. Nc8+ Kg8 26. Ne7+
Kf8 27. Nc8+ Kg8 28. Nxb6 $18 {Turzo,A-Hatanbaatar,B/Budapest FS06 GM/1998/})
8. exd4 Nc6 9. Nge2 Bg4 10. h3 Bxe2 11. Nxe2 Rd8 (11... O-O-O $142 $1 $36) 12.
c3 e5 13. Be3 exd4 14. Nxd4 Qxb2 15. O-O Bc5 16. Qg4 Bxd4 17. cxd4 O-O 18. Rab1
f5 19. Rxb2 fxg4 20. Rxb7 gxh3 21. Rc1 Rd6 22. d5 Ne5 23. gxh3 h6 24. Rcc7 Rg6+
25. Kf1 Nf3 26. Ke2 Rf5 $132 {Laurie,D-Tsesarsky,I/ISR-chop/1997/}) (5... Nc6
6. Bxe4 (6. c3 g5 $1 7. Bg3 Nxg3 8. hxg3 Qb6 $36) 6... dxe4 7. d5 Nb4 8. Nc3 e6
9. d6 Qa5 10. Nge2 Bd7 11. O-O f5 12. a3 Nc6 13. b4 cxb4 14. axb4 Qb6 {Hodgson,
J-Tseitlin,M/Ischia/1996/} 15. Qd2 $1 $40 {Greenfeld}) 6. exd4 $146 (6. Bxe4
dxe4 7. Qxd4 $5 (7. exd4 g6 8. Nc3 Bg7 9. Nge2 Bf5 10. O-O Nc6 11. d5 $6 Ne5
12. Ng3 Nc4 13. Nb5 Nxb2 14. Nxf5 Nxd1 15. Nxg7+ Kd7 16. Rfxd1 Qa5 17. Rab1
Rac8 18. c4 Rhg8 19. Be5 Rxc4 20. d6 e6 21. Na3 Rb4 22. Rxb4 Qxb4 23. Rb1 Qxa3
24. Rxb7+ Kc6 25. Rc7+ Kd5 $19 {Hodgson,J-Leitao,R/Mermaid Beach schev/1998/})
7... Qxd4 8. exd4 Nc6 9. c3 Be6 10. Nd2 f5 11. Ne2 Rg8 12. h4 g6 13. O-O-O
O-O-O 14. b3 h6 15. g4 Bf7 16. g5 hxg5 17. hxg5 e5 18. dxe5 Bc5 19. Rh7 Be6 20.
Bg3 Rge8 21. Rg7 e3 22. fxe3 Bxe3 $44 {Poussier,T-Contin,D/Metz op/1998/}) 6...
Nc6 7. c3 Bf5 8. Qe2 (8. f3 Nd6 9. Bxd6 Bxd3 10. Qxd3 Qxd6 $11) 8... e6 9. Nd2
Nd6 (9... Bd6 $5 10. Bxe4 Bxe4 11. Nxe4 (11. Bxd6 Bxg2 12. Qg4 Bxh1 13. Qxg7
Kd7 $17 {[%cal Rd8g8] /\Qg8}) 11... Bxf4 12. Nc5 b6 13. Nd3 $11) 10. Ngf3 Bxd3
11. Qxd3 Nf5 12. g4 Nfe7 (12... Nh4 $5 $11) 13. h4 Ng6 14. Bg5 Qc7 15. h5 (15.
Qe3 $6 h5 $1 $36) 15... Nf4 16. Bxf4 Qxf4 17. Rg1 h6 18. O-O-O Be7 19. Kb1
O-O-O $11 {An equal position arose, in which it's not easy for any side to
find an active plan. A << pawn advance is more or less out of question and on
the >> Black's black-square control keeps White's ambitions under control.} 20.
Qe3 Bd6 (20... Qxe3 $2 21. fxe3 {[%csl Gd4,Ge3][%cal Ye3e4] (),[+],/\e4}) 21.
Nb3 Rhe8 (21... Qf6 $142 $5 $11 {/\Bf4}) 22. Nc1 $1 Kb8 23. Nd3 Qf6 (23... Qxe3
24. fxe3 e5 25. Nh4 $5 {[%cal Yh4f5] /\Nf5+/=}) 24. Nfe5 Bxe5 25. dxe5 (25.
Nxe5 $142 $5 Nxe5 26. dxe5 Qe7 27. f4 $14 {[%csl Ge5,Gf4,Gg4,Gh5] ()>>}) 25...
Qe7 26. g5 (26. Nf4 Qg5 $132) 26... d4 $1 27. cxd4 Nxd4 28. gxh6 Nf5 29. Qc5 $2
{Blunders a piece. But the advantures are not over, as this is a game of rapid
chess.} (29. Qe2 gxh6 $15) 29... Rxd3 $1 $17 30. Qxe7 Rxd1+ 31. Rxd1 Nxe7 (
31... Rxe7 $2 32. Rd8+ Kc7 33. h7 $14) 32. hxg7 Nf5 33. Rg1 Nh6 (33... Rg8 34.
Rg5 Nh6 $1 (34... Rxg7 $2 35. Rxg7 Nxg7 36. h6 $18) (34... Kc7 $2 35. Rxf5 exf5
36. h6 $18) 35. Kc2 Kc7 36. Kd3 Kc6 $17 {[%cal Yc6d5,Yg8c8,Yh6g8] /\Kd5,Rc8,Ng8
}) 34. Kc2 Rd8 35. Rg3 Kc7 $2 {Now White regains the piece and remains a pawn
up. The R_|_ is however still interesting and far from decided.} (35... Rg8 $8
36. Kd3 Kc7 $17) 36. Rf3 {[%cal Rf3f6] /\Rf6} Rg8 (36... Nf5 $2 37. Rxf5 exf5
38. h6 $18) 37. Rf6 Rxg7 $8 (37... Nf5 38. Rxf7+ Kc6 39. Rxf5 $18) 38. Rxh6 $14
Kd7 39. Rf6 (39. Rh8 Rg2 $13) 39... Ke7 40. Rf3 (40. h6 $142 $5 Rg5 41. f4 Rh5
$14 {Maybe White was afraid his R has no moves, but in the game he will not be
able to avoid this position anyway.}) 40... Rg2 ({Very drawish is} 40... Rg5
$142 $1 41. Rh3 (41. h6 Rh5 42. Rf6 $2 Rxe5 $15) 41... Kf8 $8 42. h6 Kg8 43. f4
Rg2+ $1 (43... Rg4 44. Rb3 b6 45. Ra3 a5 46. Rb3 $16) 44. Kc3 Rg4 45. Rf3 $5
Kh7 46. f5 Kxh6 47. fxe6 fxe6 48. Rf6+ Rg6 49. Rf7 Rg7 50. Rf8 $14) 41. h6 Rh2
(41... Kf8 42. Rf6) 42. Rf6 Rh5 43. f4 {[%cal Yc2e4,Ye4f3,Yf3g4,Yf4f5] /
\Kd3-e4-f3-g4,f5} Rh3 (43... Rh2+ $142 44. Kc3 Rh3+ 45. Kd4 Rh2 $132) 44. a4 a5
$2 {[%csl Rb6] ><b6} (44... Rf3 45. b4 $14) 45. f5 $1 exf5 46. Rb6 f4 47. Kd2
Kd7 (47... Rh2+ 48. Kd3 f3 49. Ke3 f2 50. Ke2 Kf8 51. Rxb7 Rxh6 52. Rb5 $16)
48. Ke2 Kc7 $6 49. Rf6 $18 Kb8 (49... Kd8 50. Rxf7 Rxh6 51. Rxb7 {[%cal Rb7b5]
/\Rb5+-}) 50. Kf2 $22 f3 (50... Kc8 51. Kg2 $18) 51. Ke3 Ka7 (51... Kc8 52. Kf4
$1 (52. Rxf3 $143 Rxh6 53. Rxf7 $132 Rb6) 52... f2 53. Kg5 $18) 52. Rxf7 Rxh6
53. Kxf3 {[%csl Ge5] o^e5} Rb6 54. Rf4 Rxb2 (54... Kb8 55. Rc4 $18) 55. e6 Rb3+
56. Ke4 Rb1 57. Ke5 Re1+ 58. Re4 Rh1 59. e7 Rh8 60. Kd6 b5 (60... Re8 61. Kd7
$18) (60... Rh6+ 61. Re6) 61. Re5 $5 (61. e8=Q Rxe8 62. Rxe8 bxa4 63. Kc5 $18)
61... bxa4 62. Rxa5+ Kb6 63. Rxa4 1-0

[Event "EU-ch blitz 29th"]
[Site "Warsaw"]
[Date "2010.12.17"]
[Round "6"]
[White "Vachier Lagrave, Maxime"]
[Black "Tkachiev, Vladislav"]
[Result "1-0"]
[WhiteElo "2703"]
[BlackElo "2636"]
[PlyCount "149"]
[EventDate "2010.12.17"]
[EventType "swiss (blitz)"]
[EventRounds "13"]
[EventCountry "POL"]
[SourceTitle "CBM 139 Extra"]
[Source "ChessBase"]
[SourceDate "2011.01.05"]
[SourceVersion "1"]
[SourceVersionDate "2011.01.05"]
[SourceQuality "1"]

1. d4 Nf6 2. Bg5 d5 3. Nd2 c5 4. e3 Qb6 5. dxc5 Qxc5 6. Ngf3 Nc6 7. Bd3 e5 8.
Bxf6 gxf6 9. e4 Be6 10. Qe2 O-O-O 11. O-O Bh6 12. Rfd1 Bxd2 13. Rxd2 d4 14. Ne1
Rhg8 15. a3 Bg4 16. f3 Be6 17. Rc1 Qa5 18. Qf2 Rg6 19. Bf1 f5 20. exf5 Bxf5 21.
c3 Kb8 22. Bc4 Be6 23. Bxe6 Rxe6 24. Rcd1 Red6 25. c4 f5 26. Qh4 Qc5 27. Nd3
Qxc4 28. Qxh7 Rf8 29. Rc1 Qf7 30. Qh4 Qf6 31. Qxf6 Rdxf6 32. Re1 Re8 33. Rde2
Rfe6 34. b4 a6 35. a4 e4 36. fxe4 fxe4 37. Nc5 R6e7 38. b5 axb5 39. axb5 d3 40.
Re3 Nd4 41. Nxd3 Nc2 42. Nf4 Nxe1 43. Rxe1 e3 44. g3 Re5 45. b6 Rb5 46. Kg2
Rxb6 47. h4 Rb2+ 48. Kh3 b5 49. h5 Rc2 50. g4 b4 51. h6 b3 52. g5 b2 53. Nd3 e2
54. Kg4 Rd2 55. Nxb2 Rxb2 56. h7 Rb4+ 57. Kh5 Rd4 58. Rxe2 Red8 59. g6 Rd1 60.
Kh6 Rh1+ 61. Kg7 Rd7+ 62. Kg8 Rd8+ 63. Kf7 Rf1+ 64. Ke7 Rh8 65. Rh2 Rg1 66. Kf7
Rf1+ 67. Kg7 Rff8 68. Kh6 Rf6 69. Kg5 Rc6 70. g7 Rc5+ 71. Kf6 Rc6+ 72. Ke5 Rc5+
73. Kd6 Rhc8 74. g8=Q R5c6+ 75. Ke5 1-0

[Event "Yerevan Mayor Cup"]
[Site "Yerevan"]
[Date "2014.11.16"]
[Round "2.2"]
[White "Vaganian, Rafael A"]
[Black "Melkumyan, Hrant"]
[Result "1-0"]
[WhiteElo "2577"]
[BlackElo "2678"]
[PlyCount "133"]
[EventDate "2014.11.16"]
[EventType "k.o."]
[EventRounds "4"]
[EventCountry "ARM"]
[SourceTitle "EXT 2015"]
[Source "ChessBase"]
[SourceDate "2014.11.20"]
[SourceVersion "1"]
[SourceVersionDate "2014.11.20"]
[SourceQuality "1"]

1. d4 Nf6 2. Bg5 d5 3. e3 c5 4. Nc3 Qa5 5. Bxf6 exf6 6. dxc5 Bxc5 7. Bb5+ Nd7
8. Qxd5 O-O 9. O-O-O Qc7 10. Nge2 Nb6 11. Qh5 Be6 12. Bd3 g6 13. Qf3 Be7 14.
Nf4 Rac8 15. Nxe6 fxe6 16. Qe4 Kf7 17. g4 Rfd8 18. h4 f5 19. gxf5 exf5 20. Qf3
Bf6 21. Nb5 Qc5 22. Nd4 Qd5 23. Qxd5+ Nxd5 24. c3 f4 25. Be4 fxe3 26. Bxd5+
Rxd5 27. fxe3 Re8 28. Kd2 Rh5 29. Rdf1 Kg7 30. Rf4 Re7 31. Kd3 Bg5 32. Nf5+
gxf5 33. Rg1 Kg6 34. hxg5 Rxg5 35. Rh1 h5 36. Rh3 Rg4 37. c4 Kg5 38. Rd4 Rxd4+
39. exd4 Kg4 40. Rh1 h4 41. d5 h3 42. d6 Rh7 43. b4 Kg3 44. c5 a6 45. a4 h2 46.
b5 axb5 47. axb5 f4 48. c6 bxc6 49. bxc6 Rh6 50. d7 Rd6+ 51. Ke4 Kg2 52. Rxh2+
Kxh2 53. Kxf4 Rxc6 54. d8=Q Rc4+ 55. Ke3 Rc3+ 56. Kd4 Rg3 57. Qh4+ Kg2 58. Ke4
Rg8 59. Qh5 Rf8 60. Qg5+ Kf1 61. Qb5+ Kg2 62. Qe2+ Kg1 63. Qh5 Kg2 64. Ke3 Kg1
65. Qg6+ Kf1 66. Qh6 Rf7 67. Qh1# 1-0

[Event "Bundesliga 0203"]
[Site "Germany"]
[Date "2003.02.09"]
[Round "11.5"]
[White "Vaganian, Rafael A"]
[Black "Moreno Carnero, Javier"]
[Result "1-0"]
[WhiteElo "2667"]
[BlackElo "2503"]
[Annotator "Finkel,A"]
[PlyCount "51"]
[EventDate "2002.10.19"]
[EventType "team-tourn"]
[EventRounds "15"]
[EventCountry "GER"]
[SourceTitle "CBM 094"]
[Source "ChessBase"]
[SourceDate "2003.05.26"]
[SourceVersion "1"]
[SourceVersionDate "2003.05.26"]
[SourceQuality "1"]
[WhiteTeam "Porz"]
[BlackTeam "Hamburger SK"]
[WhiteTeamCountry "GER"]
[BlackTeamCountry "GER"]

1. d4 Nf6 2. Bg5 Ne4 3. Bh4 c6 {Not very popular variation, however not such a
bad one.} 4. Nd2 (4. f3) 4... Nxd2 5. Qxd2 d5 6. f3 $5 {Interesting attempt to
fight for the initiaive at the very early stage of the game. White sacrifices
a pawn getting in return serious advantage in development.} (6. Nf3 Bf5 (6...
Qb6 7. b3 Bf5 8. e3 Nd7 9. c3 e6 10. Bd3 Bxd3 11. Qxd3 c5 12. O-O Bd6 $11 {
Dumitrescu,D-Haznedaroglu,K/Varna 1994}) 7. e3 Qb6 (7... Nd7 8. Bd3 Bxd3 9.
Qxd3 Qa5+ 10. c3 Qb5 11. Qxb5 cxb5 12. a4 bxa4 13. Rxa4 e6 $11 {Seul,
G-Franzoni,G/Biel 1994}) 8. c4 a5 9. Be2 dxc4 10. Bxc4 Qb4 11. Rc1 Nd7 12. O-O
Qxd2 13. Nxd2 Nb6 14. Be2 e6 15. e4 Bg6 16. f3 $16 {Aleksandrov,A-Ryskin,A/
Minsk 1993}) (6. e3 g6 7. Bd3 Bg7 8. c3 O-O 9. f4 b6 10. Nf3 Ba6 11. Bc2 Nd7
12. O-O-O Nf6 13. Bxf6 exf6 14. g4 $36 {Melikhov,E-Belov,V/Moscow 2000}) 6...
Bf5 7. O-O-O Nd7 8. e4 $5 dxe4 9. Bc4 Nb6 (9... exf3 10. Nxf3 Nb6 11. Bb3 Nd5
12. Rhf1 g6 13. Rde1 $16 {[%csl Re7,Re8]}) 10. Bb3 Qd7 11. fxe4 Bxe4 12. Qe2
Bd5 ({Another possibility was} 12... Bg6 13. Nf3 Bh5 (13... O-O-O $2 14. Ne5
Qe8 15. Qg4+ Kb8 16. Qf4 $18 {[%csl Rf7]}) 14. h3 Bxf3 15. Qxf3 e6 16. Rhf1 Bd6
17. Qg4 $44 {[%csl Re8,Rg7] but white's initiative fully compensates him for
minimal material deficit.}) 13. c4 Be6 14. Nf3 f6 {Very risky decision
weakening a complex of white squares in the center, however other
continuations wouldn't promise black an easy life too.} (14... Bg4 $5 15. Rhf1
(15. h3 Qe6 16. Rhe1 Qxe2 17. Rxe2 Bf5 18. g4 Bg6 $13) 15... O-O-O 16. h3 Bh5
17. g4 Bg6 18. Ne5 Qe8 19. d5 $36) 15. Kb1 $1 {[%cal Gd4d5] Preparing an
advance of d-pawn.} ({No good was} 15. d5 $2 cxd5 16. cxd5 Bf5 $17 {[%csl Rc1]
and white king is very vulnerable at c1.}) 15... g5 ({Serious attention
deserved} 15... O-O-O $5 16. Bg3 Bf5+ 17. Ka1 e6 18. Qd2 {[%cal Gd2a5]} Na8 $13
{intending to meet Qa5 with b6 keeping defendable position.}) 16. Bf2 Bg7 17.
d5 $1 {Everything is set up for this break so white starts an active play in
the center.} cxd5 18. cxd5 Bf7 (18... Nxd5 19. Rhe1 Bf7 20. Bxd5 Bxd5 21. Rxd5
$18) 19. Rhe1 O-O 20. Bxb6 axb6 21. Nd4 $16 {[%csl Ge6,Re7,Gf5,Rg7,Rg8] It's
pretty obvious that white is well in control of the game:knight is about to
penitrate to e6 while black bishop on g7 is no better than the pawn under the
circumstances.} Ra5 (21... f5 22. Qxe7 Qxe7 23. Rxe7 Bxd4 24. Rxd4 Rfe8 25.
Rxb7 Re1+ 26. Kc2 Re2+ 27. Rd2 Rxd2+ 28. Kxd2 Rd8 29. Rxb6 Bxd5 30. Bxd5+ Rxd5+
31. Kc3 $18) 22. Qxe7 Qg4 (22... Qxe7 23. Rxe7 Bxd5 24. Ne6 $1 (24. Rxg7+ Kxg7
25. Nf5+ Kh8 26. Bxd5 Rd8 $16) 24... Bxe6 25. Bxe6+ Kh8 26. Rdd7 Re5 27. Rxg7
Re1+ 28. Kc2 Rc8+ 29. Kd3 Rxe6 30. Rxh7+ Kg8 31. Rdg7+ Kf8 32. Rxb7 $18) 23.
Ne6 Re8 24. d6 $1 $18 {Decisive tactical blow.} Qf5+ ({Nothing changed} 24...
Rxe7 25. dxe7 {[%cal Gd1d8,Gb3g8]} Bg6+ 26. Ka1 h5 27. Rd8+ Kh7 28. Nf8+ Kh6
29. Nxg6 $18) 25. Ka1 Bf8 26. Qxe8 $1 (26. Qxe8 Bxe8 27. Nd4+ Bf7 28. Bxf7+
Kxf7 29. Nxf5 $18) 1-0

[Event "Wch Blitz 9th"]
[Site "Berlin"]
[Date "2015.10.14"]
[Round "15"]
[White "Van Wely, Loek"]
[Black "Schmaltz, Roland"]
[Result "1-0"]
[WhiteElo "2632"]
[BlackElo "2504"]
[PlyCount "109"]
[EventDate "2015.10.13"]
[EventType "swiss (blitz)"]
[EventRounds "21"]
[EventCountry "GER"]
[SourceTitle "CBM 168 Extra"]
[Source "ChessBase"]
[SourceDate "2015.10.29"]
[SourceVersion "1"]
[SourceVersionDate "2015.10.29"]
[SourceQuality "1"]

1. d4 Nf6 2. Bg5 e6 3. e4 h6 4. Bxf6 Qxf6 5. c3 d6 6. Bc4 a6 7. Ne2 Qd8 8. Nd2
g6 9. O-O Bg7 10. f4 d5 11. exd5 exd5 12. Bd3 Nd7 13. f5 g5 14. Ng3 Nf6 15.
Re1+ Kf8 16. Nf3 g4 17. Ne5 h5 18. Qb3 c6 19. Re2 h4 20. Nf1 Bh6 21. Rae1 Kg7
22. Ne3 Bxe3+ 23. Rxe3 Rh5 24. Rf1 Qd6 25. Qd1 Rg5 26. Qd2 Rh5 27. Qf2 Bd7 28.
Qf4 Rg8 29. Nxg4 Qxf4 30. Rxf4 Rg5 31. Ne5 Kf8 32. Re2 Rh5 33. h3 Bc8 34. Kh2
Rgg5 35. Nf3 Rg3 36. Bc2 Ne4 37. Bxe4 dxe4 38. Nxh4 Rgg5 39. f6 Be6 40. b3 Ra5
41. Rfxe4 Rh6 42. Rf4 c5 43. Re5 Rxa2 44. d5 Bd7 45. Re7 Bb5 46. c4 Rxf6 47.
Rxf6 Kxe7 48. Rb6 Bd7 49. Rxb7 Kd6 50. Rb6+ Ke7 51. Kg3 a5 52. Kf4 a4 53. bxa4
Rxa4 54. Ke5 Rb4 55. d6+ 1-0